00511nam a22001337a 4500003000500000082000800005100002000013245014500033264003300178300002500211650005100236700003300287856005700320NUST a200 aIftikhar, Saira aIntegration of Entrepreneurship Competency Development in STEAM Education: A Case of Gamified Pedagogy and its Implications/cSaira Iftikhar aIslamabadbSEECS NUST;c2023 aill:b178,p.c30,cm. aMS- Innovative Technologies in Learning (ITL)  aSupervisor :Dr. Arham Muslim uhttp://10.250.8.41:8080/xmlui/handle/123456789/38130